Costa Rica 1994: ¿hacia la consolidación del bipartidismo? /
Đã lưu trong:
| Tác giả chính: | |
|---|---|
| Định dạng: | Texto |
| Các nhãn: |
Thêm thẻ
Không có thẻ, Là người đầu tiên thẻ bản ghi này!
|
MARC
| LEADER | 00000 a a2200000 04500 | ||
|---|---|---|---|
| 001 | 47473 | ||
| 003 | |||
| 040 | |||
| 100 | |a Rovira Mas, Jorge | ||
| 245 | |a Costa Rica 1994: |b ¿hacia la consolidación del bipartidismo? / |c Jorge Rovira Mas | ||
| 773 | |g número1, (1994), páginas 38-47 : tablas | ||
| 999 | |c 37550 |d 37550 | ||
